Copa Libertadores Winners - Statistics

General Stats
  • This quiz has been taken 3,103 times
    2,653 since last reset
  • The average score is 45 of 70
Answer Stats
Year Winner % Correct
1977 Boca Juniors
96%
1978 Boca Juniors
96%
2000 Boca Juniors
96%
2001 Boca Juniors
96%
2003 Boca Juniors
96%
2007 Boca Juniors
96%
1986 River Plate
95%
1996 River Plate
95%
1962 Santos
90%
1963 Santos
90%
2011 Santos
90%
1981 Flamengo
85%
1992 São Paulo
79%
1993 São Paulo
79%
2005 São Paulo
79%
2012 Corinthians
77%
1960 Peñarol
76%
1961 Peñarol
76%
1966 Peñarol
76%
1982 Peñarol
76%
1987 Peñarol
76%
1983 Grêmio
75%
1995 Grêmio
75%
1999 Palmeiras
75%
1964 Independiente
73%
1965 Independiente
73%
1972 Independiente
73%
1973 Independiente
73%
1974 Independiente
73%
1975 Independiente
73%
1984 Independiente
73%
1971 Nacional
72%
1980 Nacional
72%
1988 Nacional
72%
1991 Colo-Colo
69%
2008 Fluminense
68%
2006 Internacional
66%
2010 Internacional
66%
1967 Racing
65%
1976 Cruzeiro
64%
1997 Cruzeiro
64%
2013 Atlético Mineiro
63%
1968 Estudiantes
63%
1969 Estudiantes
63%
1970 Estudiantes
63%
2009 Estudiantes
63%
2014 San Lorenzo
63%
1998 Vasco da Gama
61%
1979 Olimpia
59%
1990 Olimpia
59%
2002 Olimpia
59%
1989 Atlético Nacional
51%
1994 Vélez Sársfield
50%
2008 LDU de Quito
48%
2004 Once Caldas
46%
1985 Argentinos Juniors
39%
1990 Barcelona
39%
1988 Newell's Old Boys
37%
1985 América de Cali
35%
1993 Universidad Católica
35%
2005 Atlético Paranaense
32%
2010 Guadalajara
32%
2002 São Caetano
30%
2001 Cruz Azul
26%
1978 Deportivo Cali
26%
1981 Cobreloa
24%
1997 Sporting Cristal
23%
1972 Universitario
20%
2014 Club Nacional
14%
1975 Unión Española
13%
No matching quizzes found
Score Distribution
Percent of People with Each Score
Percentile by Number Answered
Your Score History
You have not taken this quiz since the last reset